Регионална библиотека "Любен Каравелов" - Русе

Стихотворения (Запис номер 98898)

MARC детайли
000 -Лидер
Контролно поле с фиксирана дължина 00975nam a2200289 a 4500
003 - Код на организацията, давaща контролен номер
Контролно поле BLK
005 - Дата и час на последна редакция
Контролно поле 20241206005450.0
008 - Елементи от данни с фиксирана дължина
fixed length control field 180409b bul|||||r ||||||| ||bul||
010 ## - Наследен системен номер
LC control number KNG00103888000
040 ## - Източник на каталожния запис
Идентификатор на билиотеката - собственик на записа BLK
041 ## - Код за език
Код за езика на текст/звукозапис или на отделно заглавие Български
Код за езика КДБФ Български
080 ## - УДК
Текстов определител УДК Българска литература
УДК код - определител по УДК 821.163.2
УДК определител -1
УДК - код + определител 821.163.2-1
100 ## - Редна дума - Автор
Автор Багряна, Елисавета
Дати, свързани с автора 1893-1991
Пълна форма на името Белчева, Елисавета Любомирова
R(LIN) 364149
139 ## - Редно поле
Редна дума Багряна, Елисавета
Авторски знак Баг - Б 13
245 10 - Сведения за заглавието
Заглавие Стихотворения
Редно поле (дума) Елисавета Багряна.
257 ## - Страна на издаване
Страна на създаване/издаване България
260 ## - Област на издателските данни
Име на издателя, разпространителя и проч. Бълг. писател
Година на издаване 1966
Място на издаване, разпространение и проч. София
300 ## - Физическа характеристика
Страници 151 с.
Размери/Мащаб 20 см
380 ## - Жанр
Жанр Худож. лит.
490 ## - СЕРИИ (Колекции)
Име на серия Библиотека за ученика
9 (RLIN) 201322
500 ## - Общи забележки
Забележка Офс. изд.
852 ## - Местоположение
Форматна сигнатура Цб 40980
Фондова буква Хранилище
856 4# - Електронен адрес и достъп
Електронен формат pdf - файл
856 4# - Електронен адрес и достъп
Електронен формат pdf - файл
999 ## - СИСТЕМНИ КОНТРОЛНИ НОМЕРА
Koha biblionumber 98898
Koha biblioitemnumber 98898
942 ## - АРТИКУЛИ
Вид на библиотечния материал Книги
Скрит в OPAC Не
Периодичен библиозапис Да
944 ## - СЪЗДАВАНЕ И РЕДАКЦИЯ на ЗАПИСА
Създаване/Редакция Създаване
Дата на регистрацията/редакция 01.01.1999
Статус, дата на статуса CRON CRON
Служител, извършил регистрацията/редакцията
Наличности
Код за отписване Код за изгубен артикул Източник на класификационната схема Код за повреда Коз за рестрикции Код за отдаване Артикулен № Име на библиотеката - собственик Име на библиотеката, в която се намира в момента Статус (Текущо местоположение) Дата на вписване в системата Местоположение - отдел Цена в лева Инвентарен номер Систематично азбучна сигнатура Баркод Номер на екземпляра Цена в евро Служебна бележка Служебен тип на артикула Бележка за публиката
  Не е изгубен Universal Decimal Classification Не е повреден без рестрикции ползва се в читалня 159190 Регионална библиотека "Любен Каравелов" Русе Регионална библиотека "Любен Каравелов" Русе Хранилище 1966-01-01 Хранилище 0.34 5448/67 Цб 40980 900000099613 1 0.17 Дост: Dp Вид: Д N: стар фонд Дата: 01.01.1966 Книги  
Изтеглен Не е изгубен Universal Decimal Classification Не е повреден без рестрикции заемане за дома 159191 Регионална библиотека "Любен Каравелов" Русе Регионална библиотека "Любен Каравелов" Русе Заемна - подръчен фонд 1966-01-01 Заемна - подръчен фонд 0.00 5588/67 П 886.7-1/Б 13 5588/67 2 0.00 Дост: Pk Вид: Ф N: стар фонд Дата: 01.01.1966 Книги  
Изтеглен Не е изгубен Universal Decimal Classification Не е повреден без рестрикции заемане за дома 159192 Регионална библиотека "Любен Каравелов" Русе Регионална библиотека "Любен Каравелов" Русе Заемна - подръчен фонд 1966-01-01 Заемна - подръчен фонд 0.00 5589/67 П 886.7-1/Б 13 5589/67 3 0.00 Дост: Pk Вид: Ф N: стар фонд Дата: 01.01.1966 Книги  
Изтеглен Не е изгубен Universal Decimal Classification Не е повреден без рестрикции заемане за дома 159193 Регионална библиотека "Любен Каравелов" Русе Регионална библиотека "Любен Каравелов" Русе Заемна - подръчен фонд 1966-01-01 Заемна - подръчен фонд 0.00 15077/67 П 886.7-1/Б 13 15077/67 4 0.00 Дост: Pk Вид: Ф N: стар фонд Дата: 01.01.1966 Книги  
Изтеглен Не е изгубен   Не е повреден без рестрикции заемане за дома 159194 Регионална библиотека "Любен Каравелов" Русе Регионална библиотека "Любен Каравелов" Русе   1966-01-01 Детски отдел 0.34 5676/67 ДХ 886.7/Б 13 5676/67 5 0.17 Дост: Pk Вид: Ф N: стар фонд Дата: 01.01.1966 Дата инв: 31.08.2015 Бележки инв: Д2015 Книги Отч.N: 23/2017 , Дата: 09.08.2017
Vip Innovations Ltd, Rousse, Bulgaria 2025